000 00619ntaaa2200229 4500
003 01
005 20251027202715.0
008 0714s1973 ag 01
040 _aAR-BaBN
_bspa
_cAR-BaBN
_eaacr
_dRIC
082 _a572.0000 H43
100 _aHerskovits, Melville J
_926811
245 _aEl hombre y sus obras
250 _a1 ed.
260 _aMéxico :
_bFondo de Cultura Económica,
_c1948, c1964
300 _a782 p
500 _aLa ciencia de la antropología cultural
650 _aantropología
_95885
650 _acultura
_92043
700 _aImaz, E
_926812
700 _aAlaminos, L
_926813
942 _cBK
999 _c22265
_d22265